000 00396nam a22001697a 4500
003 MACL
005 20160114150604.0
008 160114b xxu||||| |||| 00| 0 eng d
040 _cMACL
041 _aEnglish
082 _a823/DEL
100 _aDelorme Ann
_932284
245 _aThe Growing Years
260 _aNew Delhi
_bGlobal Vision Press
_c2012
650 _aNovel
_9153
942 _2ddc
_cBK
999 _c52249
_d52249